000
00318nam a22001337a 4500
008
170407b xxu||||| |||| 00| 0 eng d
020
_a
9780721659541
041
_a
eng
080
_a
616
100
_a
9
101
_a
SHM
245
_a
PATHOPHYSIOLOGY FOR THE HEALTH-RLATED PROFESSIONS
_c
GOULD, B.E
942
_2
udc
_c
BK
999
_c
10109
_d
10109